[Event "Las Vegas National op"]
[Site "Las Vegas"]
[Date "2007.06.08"]
[Round "1"]
[White "Tanaka, Christian T"]
[Black "Tate, Emory"]
[Result "1-0"]
[WhiteElo "2116"]
[BlackElo "2406"]

1. d4 Nf6 2. c4 Nc6 3. Nf3 e6 4. g3 Bb4+ 5. Bd2 a5 6. Bg2 O-O 7. O-O Re8 8. a3  Bxd2 9. Nbxd2 a4 10. e4 d6 11. Qc2 e5 12. d5 Nb8 13. Ne1 c6 14. Nd3 b5 15. cxb5  cxd5 16. exd5 Bd7 17. Nb4 Bxb5 18. Rfc1 Na6 19. Nc6 Qb6 20. Rab1 Nc5 21. b4 Nd3  22. Rf1 e4 23. Nc4 Qc7 24. Ne3 Ne5 25. Rfc1 Bd3 26. Qd2 Qb6 27. Ra1 Neg4 28.  Nf5 Bb5 29. Qd4 Qxd4 30. Ncxd4 Bd3 31. h3 Ne5 32. Ne3 Red8 33. Rc7 g6 34. Rac1  Nfd7 35. Nc6 Re8 36. Na5 Nb6 37. Nb7 Kg7 38. Nxd6 Red8 39. Nxe4 Nxd5 40. Nxd5  Rxd5 41. Nc5 1-0

[Event "Las Vegas National op"]
[Site "Las Vegas"]
[Date "2007.06.09"]
[Round "3"]
[White "Tanner, Rene"]
[Black "Tate, Emory"]
[Result "1/2-1/2"]
[WhiteElo "2137"]
[BlackElo "2406"]

1. e4 Nc6 2. Nf3 d6 3. d4 Nf6 4. Nc3 Bg4 5. Be2 e6 6. Be3 d5 7. exd5 exd5 8.  Ne5 Bxe2 9. Qxe2 Be7 10. Qb5 O-O 11. Nxc6 bxc6 12. Qd3 Rb8 13. b3 Ng4 14. O-O  Bd6 15. h3 Qh4 16. Ne2 Nxe3 17. Qxe3 Rfe8 18. Qf3 Qe4 19. Qxe4 Rxe4 20. Rfe1 c5  21. dxc5 Bxc5 22. Ng3 Rf4 23. Re2 g6 24. Kf1 h5 25. f3 a5 26. Nh1 a4 27. Nf2  Bxf2 28. Kxf2 Rd4 29. Ke1 Kg7 30. Rd1 Rxd1+ 31. Kxd1 Kf6 32. Kd2 c5 33. Re3  axb3 34. axb3 Kf5 35. Ke2 Ra8 36. Kf2 Ra2 37. Rc3 c4 38. Ke3 cxb3 39. g4+  1/2-1/2

[Event "Las Vegas National op"]
[Site "Las Vegas"]
[Date "2007.06.10"]
[Round "5"]
[White "Becker, Allen J"]
[Black "Tate, Emory"]
[Result "0-1"]
[WhiteElo "2177"]
[BlackElo "2406"]

1. e4 d5 2. exd5 Nf6 3. Nf3 Qxd5 4. Nc3 Qa5 5. d4 Bg4 6. Bd2 c6 7. Be2 Nbd7 8.  O-O Qc7 9. Re1 e6 10. Ne5 h5 11. h3 Bf5 12. Bd3 Bxd3 13. Nxd3 Bd6 14. Qf3 O-O-O  15. b4 e5 16. dxe5 Nxe5 17. Nxe5 Bxe5 18. Bg5 Rde8 19. b5 Bxc3 20. Qxc3 Ne4 21.  Qe3 cxb5 22. Bf4 Qc5 23. Qf3 Qc6 24. Be3 a6 25. a4 bxa4 26. Ba7 Nd6 27. Qf4 g5  28. Qb4 Nb5 29. Be3 Re4 30. Qb2 Rhe8 31. c4 a3 32. cxb5 axb2 33. bxc6 bxa1=Q  34. Rxa1 R8e5 35. cxb7+ Kxb7 36. Rd1 Kc6 37. Rd8 Rxe3 38. fxe3 Rxe3 39. Kf2 Rb3  40. Rg8 Rb5 41. Ke3 a5 42. Kd4 g4 43. Rg7 Rb2 44. hxg4 Rxg2 45. g5 a4 46. Rxf7  Rxg5 0-1

[Event "World op 35th"]
[Site "Philadelphia"]
[Date "2007.07.04"]
[Round "8"]
[White "Perelshteyn, Eugene"]
[Black "Tate, Emory"]
[Result "1-0"]
[WhiteElo "2531"]
[BlackElo "2406"]

1. Nf3 c5 2. c4 Nf6 3. Nc3 b6 4. g3 Bb7 5. Bg2 g5 6. d3 h6 7. h3 d6 8. a3 Bg7  9. O-O Qd7 10. Rb1 Nc6 11. e4 Ne5 12. Nh2 Ng6 13. b4 Rd8 14. Nd5 Nh7 15. Bb2  Bxb2 16. Rxb2 e6 17. Ne3 Nf6 18. Nhg4 Nxg4 19. Nxg4 Ke7 20. Qd2 f6 21. d4 h5  22. Ne3 cxd4 23. Qxd4 Ne5 24. f4 gxf4 25. gxf4 Nc6 26. Qc3 Rdg8 27. Rd2 Nd8 28.  Kh2 Qc7 29. Rc2 Nf7 30. Qd4 Rg6 31. c5 dxc5 32. bxc5 Rc8 33. c6 Ba6 34. Rff2  Rd8 35. Qb4+ Ke8 36. Rc3 Nd6 37. a4 b5 38. e5 fxe5 39. fxe5 Nf7 40. axb5 Qxe5+  41. Qf4 Qxf4+ 42. Rxf4 Bc8 43. Ra3 Rd2 44. Rxa7 Nd6 45. b6 e5 46. Rb4 Re2 47.  b7 Rxe3 48. bxc8=Q+ Nxc8 49. Rb8 1-0

[Event "USCL 2008"]
[Site "ICC INT"]
[Date "2008.10.15"]
[Round "8"]
[White "Lenderman, Alex"]
[Black "Tate, Emory"]
[Result "1-0"]
[WhiteElo "2439"]
[BlackElo "2377"]

1. e4 c5 2. c3 e6 3. d4 cxd4 4. cxd4 d5 5. e5 Bd7 6. Nf3 Qb6 7. Nc3 Bb4 8.  Bd3 Nc6 9. O-O Na5 10. Ng5 Be7 11. Qh5 g6 12. Qg4 h5 13. Qf3 Nh6 14. Nxf7  Nxf7 15. Bxg6 O-O-O 16. Qxf7 Nc6 17. Qf3 Qxd4 18. Nb5 Qb4 19. Qe2 a6 20.  Nd6+ Bxd6 21. exd6 Qxd6 22. Bd3 e5 23. Be3 Kb8 24. Rac1 Bc8 25. Bc5 Qf6 26.  f3 Rdg8 27. Rf2 Nd8 28. Qe3 d4 29. Qe1 Nf7 30. Bc4 Rg7 31. Qb4 Ng5 32. Bd6+  Ka8 33. Bxa6 Nh3+ 34. Kf1 Nxf2 35. Bb5 b6 36. Qa3+ Ra7 37. Bc6+ Bb7 38.  Bxb7+ Kxb7 39. Rc7+ Kb8 40. Qxa7+ 1-0

[Event "USCL 2008"]
[Site "ICC INT"]
[Date "2008.10.29"]
[Round "10"]
[White "Kuljasevic, Davorin"]
[Black "Tate, Emory"]
[Result "1-0"]
[WhiteElo "2521"]
[BlackElo "2339"]

1. d4 c5 2. d5 g6 3. c4 Bg7 4. e4 d6 5. Bd3 e5 6. Nc3 Nd7 7. h3 Bh6 8. Bxh6  Nxh6 9. Qd2 Ng8 10. g3 Ngf6 11. h4 Nh5 12. Be2 Ndf6 13. Kf1 h6 14. Kg2 a6  15. Rf1 Qe7 16. Nh3 Bd7 17. a4 O-O-O 18. a5 Kb8 19. Rb1 Bxh3+ 20. Rxh3 Qc7  21. b4 cxb4 22. Rxb4 Qxa5 23. Qb2 Qc7 24. Rh1 Ka7 25. Ra1 Qe7 26. c5 dxc5  27. Rb6 c4 28. Bxc4 Kb8 29. Bxa6 Rd7 30. d6 Nf4+ 31. gxf4 Qe6 32. Rxb7+ Kc8  33. Rb8+ 1-0

[Event "17th North American FIDE Inv"]
[Site "Skokie USA"]
[Date "2008.11.16"]
[Round "3"]
[White "Stamnov, Aleksander"]
[Black "Tate, Emory"]
[Result "0-1"]
[WhiteElo "2230"]
[BlackElo "2339"]

1. e4 c6 2. d4 d5 3. Nd2 g6 4. Ngf3 Nf6 5. Bd3 Bg4 6. e5 Nfd7 7. h3 Bxf3 8.  Nxf3 e6 9. h4 h6 10. c3 c5 11. a3 Nc6 12. Bc2 c4 13. Nd2 Qc7 14. b3 cxb3  15. Nxb3 Rc8 16. Rh3 b5 17. Bd3 Rb8 18. Kf1 a5 19. Rb1 Na7 20. Kg1 Be7 21.  Bc2 Rc8 22. Bd3 a4 23. Na1 Qa5 24. Nc2 Nb6 25. Ne3 h5 26. Qe2 Nc4 27. Nxc4  bxc4 28. Bc2 Nb5 29. Rb4 Bxb4 30. cxb4 Qa7 31. Qf3 Nxd4 32. Qf6 Nxc2 33.  Qxh8+ Kd7 34. Qg7 Kc6 35. Rf3 Rc7 36. Qf8 Nd4 37. Qe8+ Kb7 38. Rxf7 Qb8 39.  Rxc7+ Qxc7 40. Be3 Nc6 41. b5 Nd8 42. b6 Qc8 43. Qe7+ Ka6 44. Qb4 Nc6 45.  Qxa4+ Kb7 46. Bc5 Qa8 47. Qc2 Qa5 48. Bd6 Nxe5 49. Qe2 Nd3 50. Qxe6 Qe1+  51. Qxe1 Nxe1 52. Bc5 c3 53. Kf1 c2 54. Be3 Nd3 55. f4 d4 56. Bd2 Kxb6 57.  Ke2 c1=Q 58. Bxc1 Nxc1+ 59. Kd2 Nb3+ 60. Kd3 Kc5 61. a4 Kd5 62. g3 Nc5+ 0-1

[Event "17th North American FIDE Inv"]
[Site "Skokie USA"]
[Date "2008.11.16"]
[Round "4"]
[White "Morales Garcia, Sergio J"]
[Black "Tate, Emory"]
[Result "1-0"]
[WhiteElo "2279"]
[BlackElo "2339"]

1. d4 d5 2. c4 e5 3. dxe5 d4 4. Nf3 Nc6 5. Nbd2 Bg4 6. Nb3 Qd7 7. Nfxd4  O-O-O 8. f3 Nxd4 9. Qxd4 Qxd4 10. Nxd4 Bb4+ 11. Bd2 Bxd2+ 12. Kxd2 c5 13.  fxg4 Nh6 14. e3 cxd4 15. exd4 Rxd4+ 16. Kc3 Rxg4 17. g3 Re4 18. Bh3+ Kc7  19. Rad1 Re3+ 20. Rd3 Rxd3+ 21. Kxd3 Rd8+ 22. Kc3 Re8 23. Re1 f6 24. e6 Ng8  25. Rd1 Rd8 26. Rxd8 Kxd8 27. Bg2 Kc7 28. c5 Ne7 29. Be4 f5 30. Bf3 g5 31.  Kd4 g4 32. Bg2 Ng6 33. Bf1 f4 34. gxf4 Nxf4 35. Ke5 Ng6+ 36. Kf6 Kd8 1-0

[Event "17th North American FIDE Inv"]
[Site "Skokie USA"]
[Date "2008.11.17"]
[Round "6"]
[White "Tsyganov, Igor M"]
[Black "Tate, Emory"]
[Result "0-1"]
[WhiteElo "2248"]
[BlackElo "2339"]

1. d4 Nf6 2. Nf3 c5 3. d5 e6 4. Nc3 exd5 5. Nxd5 Be7 6. e4 O-O 7. Bc4 b5 8.  Nxf6+ Bxf6 9. Bd5 Nc6 10. O-O Qc7 11. Re1 Rb8 12. c3 b4 13. c4 d6 14. h3  Be6 15. Rb1 Ne7 16. Bg5 Bxg5 17. Nxg5 Bxd5 18. exd5 h6 19. Ne4 Nf5 20. Qd3  Nd4 21. b3 a5 22. Ng3 Qd7 23. Ne2 Qf5 24. Qxf5 Nxf5 25. Ng3 Nxg3 26. fxg3  Rfe8 27. Kf2 Kf8 28. Rxe8+ Rxe8 29. a4 h5 30. Kf3 Re5 31. Rd1 Ke7 32. Kf2  Rf5+ 33. Ke3 Kf6 34. Rd2 Rf1 35. Kd3 Rc1 36. Rf2+ Ke5 37. Re2+ Kf6 38. Rf2+  Kg6 39. Rf3 Rb1 40. Kc2 Ra1 41. Kb2 Rg1 42. Rf2 Re1 0-1

[Event "17th North American FIDE Inv"]
[Site "Skokie USA"]
[Date "2008.11.19"]
[Round "8"]
[White "Monokroussos, Dennis"]
[Black "Tate, Emory"]
[Result "1-0"]
[WhiteElo "2290"]
[BlackElo "2339"]

1. e4 e6 2. Nf3 d5 3. Nc3 Nf6 4. e5 Nfd7 5. d4 b6 6. Bg5 Be7 7. Bxe7 Qxe7  8. Nb5 Na6 9. Bd3 O-O 10. O-O c5 11. a3 cxd4 12. b4 f6 13. Qe2 fxe5 14.  Nxe5 Nxe5 15. Qxe5 Qf6 16. Rae1 Bd7 17. Nxd4 Qxe5 18. Rxe5 Nc7 19. f4 Rf6  20. f5 exf5 21. Nxf5 Bxf5 22. Rfxf5 Rxf5 23. Bxf5 g6 24. Re7 gxf5 25. Rxc7  d4 26. Kf2 a6 27. a4 Rd8 28. Rc6 d3 29. cxd3 Rxd3 30. Rxb6 a5 31. bxa5 Rd4  32. a6 Rxa4 33. Ke3 Kg7 34. Kd3 Ra2 35. Kc3 Rxg2 36. Rb2 Rg1 37. Ra2 Rc1+  38. Kd4 Rc8 39. a7 Ra8 40. Ra6 1-0

[Event "Foxwoods Open"]
[Site "Ledyard USA"]
[Date "2009.04.09"]
[Round "3"]
[White "Vaja, Ashish"]
[Black "Tate, Emory"]
[Result "1-0"]
[WhiteElo "2195"]
[BlackElo "2325"]

1. e4 e6 2. d4 d5 3. Nc3 Bb4 4. e5 f5 5. Nge2 Ne7 6. a3 Bxc3+ 7. bxc3 Ng6  8. h4 h6 9. h5 Ne7 10. Rh3 c5 11. Rg3 Rg8 12. Nf4 Qa5 13. Bd2 c4 14. Rh3  Nbc6 15. Be2 Bd7 16. g4 O-O-O 17. Rg3 Rdf8 18. g5 hxg5 19. Rxg5 Nd8 20. Qb1  Nf7 21. Rg3 Re8 22. Qb4 Qc7 23. O-O-O Nc6 24. Qb2 Nh8 25. Rdg1 Nxe5 26.  dxe5 Qxe5 27. Bf3 Nf7 28. Rg6 Nh8 29. R6g3 Nf7 30. Qb4 Qc7 31. Rxg7 a5 32.  Qb2 Rxg7 33. Rxg7 Ne5 34. Be2 Qd8 35. h6 Qh4 36. Qb6 Qxh6 37. Nh5 1-0

[Event "3rd ENCI Limburg Open"]
[Site "Maastricht NED"]
[Date "2009.05.31"]
[Round "4"]
[White "Larmuseau, Maarten"]
[Black "Tate, Emory"]
[Result "1-0"]
[WhiteElo "2069"]
[BlackElo "2325"]

1. e4 c5 2. Nc3 g6 3. f4 Bg7 4. Nf3 b6 5. Bc4 Ba6 6. Bxa6 Nxa6 7. d3 Nh6 8.  O-O f5 9. e5 O-O 10. Qe2 d5 11. d4 c4 12. b3 Rc8 13. Bb2 Nb8 14. Rfd1 Qd7  15. e6 Qb7 16. h3 b5 17. Ne5 Rfd8 18. Qf3 b4 19. Na4 Qb5 20. Nc5 Nc6 21.  Ncd7 Nb8 22. a4 Qa6 23. Nc5 Qd6 24. Nb7 Qxe6 25. Nxd8 Rxd8 26. bxc4 dxc4  27. d5 Qa6 28. Bd4 c3 29. Kh1 Bxe5 30. fxe5 e6 31. dxe6 Qxe6 32. Bxa7 Rc8  33. Bxb8 Rxb8 34. Qd5 Kf7 35. a5 Qxd5 36. Rxd5 Ke6 37. Rc5 f4 38. a6 Nf7  39. a7 Ra8 40. Ra6+ Kd7 41. e6+ Kd8 42. Rd5+ Kc7 43. Rd7+ Kc8 44. Rc6+ 1-0

[Event "3rd ENCI Limburg Open"]
[Site "Maastricht NED"]
[Date "2009.06.01"]
[Round "6"]
[White "Ducarmon, Quinten"]
[Black "Tate, Emory"]
[Result "1/2-1/2"]
[WhiteElo "2153"]
[BlackElo "2325"]

1. e4 c5 2. Nf3 e6 3. d4 cxd4 4. Nxd4 Nf6 5. Nc3 Bb4 6. e5 Nd5 7. Bd2 Bxc3  8. bxc3 O-O 9. c4 Qh4 10. Nf3 Qe4+ 11. Qe2 Qxe2+ 12. Bxe2 Ne7 13. Bb4 Nbc6  14. Bd6 f6 15. O-O Rf7 16. Bd3 b6 17. c5 bxc5 18. Bxc5 fxe5 19. Ng5 Rf4 20.  Bxh7+ Kh8 21. Bd3 d5 22. g3 Rf6 23. Rab1 e4 24. Bb5 Rb8 25. Ba4 Rxb1 26.  Rxb1 Kg8 27. Bxe7 Nxe7 28. Rb8 Rf8 29. Ra8 a6 30. c3 Ng6 31. c4 dxc4 32.  Nxe4 Bb7 33. Rxf8+ Kxf8 34. Nc5 Bc8 35. f4 Ke7 36. Kf2 Kd6 37. Ne4+ Kd5 38.  Ke3 e5 39. Nc3+ Kc5 40. a3 exf4+ 41. gxf4 Bf5 42. Be8 Ne7 43. Na4+ Kd6 44.  Bf7 Nd5+ 45. Bxd5 Kxd5 46. Nb6+ Kc5 47. Na4+ Kd5 1/2-1/2

[Event "22nd North American Open"]
[Site "Las Vegas USA"]
[Date "2012.12.28"]
[Round "5.11"]
[White "Mitkov, Nikola"]
[Black "Tate, Emory"]
[Result "0-1"]
[WhiteElo "2513"]
[BlackElo "2302"]

1. e4 c5 2. Nc3 e6 3. Nf3 a6 4. d4 cxd4 5. Nxd4 Qc7 6. Bd3 Nf6 7. f4 b5 8. a3 d6 9. O-O Bb7 10. Nf3 Nbd7 11. Qe1 Nc5 12. Kh1 Be7 13. Bd2 h5 14. b4 Ncd7 15. a4 bxa4 16. Nxa4 h4 17. Qe2 h3 18. g3 d5 19. exd5 Nxd5 20. c3 O-O 21. Rab1 Qc6 22. b5 axb5 23. Bxb5 Qc7 24. c4 N5f6 25. Be3 Nc5 26. Nc3 Ra3 27. Bd4 Rd8 28. Be5 Bd6 29. Bxf6 gxf6 30. Qb2 Qa5 31. Rbc1 Nd3 32. Qb1 Nxc1 33. Ne4 Be7 0-1

[Event "22nd North American Open"]
[Site "Las Vegas USA"]
[Date "2012.12.28"]
[Round "6.4"]
[White "Shabalov, Alexander"]
[Black "Tate, Emory"]
[Result "1-0"]
[WhiteElo "2578"]
[BlackElo "2302"]

1. e4 c5 2. Nf3 d6 3. d4 cxd4 4. Nxd4 Nf6 5. Nc3 a6 6. h3 e5 7. Nb3 h5 8. Bg5 Be7 9. Be2 Nbd7 10. a4 b6 11. Nd2 Nc5 12. Bxf6 gxf6 13. Bxh5 f5 14. exf5 d5 15. Bg4 Bb7 16. O-O d4 17. Ne2 Qd5 18. Bf3 e4 19. Nxe4 Nxe4 20. Ng3 Qe5 21. Re1 O-O-O 22. Bxe4 Bxe4 23. Rxe4 Qf6 24. Qe2 d3 25. cxd3 Bd6 26. Rc1+ Kb8 27. Rc6 Ka7 28. a5 Rc8 1-0

[Event "22nd North American Open"]
[Site "Las Vegas USA"]
[Date "2012.12.29"]
[Round "8.14"]
[White "Griffith, Kyron W"]
[Black "Tate, Emory"]
[Result "1/2-1/2"]
[WhiteElo "2230"]
[BlackElo "2302"]

1. e4 c5 2. Nf3 e6 3. d4 cxd4 4. Nxd4 Nf6 5. Nc3 Bb4 6. Bd3 Nc6 7. Nxc6 dxc6 8. O-O e5 9. h3 O-O 10. Be3 Be6 11. Ne2 Nd7 12. Ng3 Bc5 13. Qe2 Bxe3 14. Qxe3 Qb6 15. Qxb6 axb6 16. a3 Nc5 17. Be2 Na4 18. b3 Nc3 19. Bf3 Rfd8 20. a4 Rd2 21. Rfc1 Ra5 22. Nf1 Rd4 23. Ne3 Rc5 24. Re1 Nxe4 25. c4 Nd2 26. b4 Rcxc4 27. Nxc4 Rxc4 28. Be2 Rxb4 29. Red1 Rb2 30. a5 bxa5 31. Rxa5 f6 32. Ra7 Bd5 33. Bg4 Nc4 34. Bc8 Kf7 35. Rxb7+ Rxb7 36. Bxb7 Ke6 37. f3 Nd6 38. Ba6 f5 39. Kf2 g5 40. g4 f4 41. Re1 Nb5 42. h4 Nd4 43. Be2 gxh4 44. Rh1 Nxe2 45. Kxe2 e4 46. fxe4 Bxe4 47. Rxh4 Ke5 48. Rh5+ Kd4 49. Rh6 c5 50. Rd6+ Ke5 51. Rd7 c4 52. Rc7 Kd4 53. Rd7+ Kc3 54. Rf7 Kc2 55. Rxf4 Bd3+ 56. Ke3 Kc3 57. Rf7 Bg6 58. Rc7 Bd3 1/2-1/2

[Event "9th BPB Limburg Open 2015"]
[Site "Maastricht NED"]
[Date "2015.05.25"]
[Round "6.12"]
[White "Van Osch, Mees"]
[Black "Tate, Emory"]
[Result "1-0"]
[WhiteElo "2248"]
[BlackElo "2256"]

1. e4 e6 2. d4 d5 3. Nc3 Bb4 4. e5 f6 5. Nf3 c5 6. a3 Ba5 7. dxc5 Bxc3+ 8. bxc3 Nd7 9. c4 d4 10. Qxd4 Ne7 11. exf6 gxf6 12. Bd3 Qc7 13. Be3 Qa5+ 14. Bd2 Qxc5 15. O-O Qxd4 16. Nxd4 Nf8 17. Nb5 Kd7 18. Bc3 e5 19. f4 a6 20. fxe5 fxe5 21. Bxe5 Rg8 22. Nc7 Ra7 23. Rad1 Nc6 24. Bg6+ Ke7 25. Bf6# 1-0

[Event "Golden Sands Open 2015"]
[Site "Golden Sands BUL"]
[Date "2015.06.09"]
[Round "2.28"]
[White "Givon, Asaf"]
[Black "Tate, Emory"]
[Result "1-0"]
[WhiteElo "2463"]
[BlackElo "2259"]

1. e4 c5 2. Nf3 d6 3. d4 cxd4 4. Nxd4 Nf6 5. Nc3 Nbd7 6. f3 e5 7. Nf5 Nb6 8. Bb5+ Bd7 9. Nxd6+ Bxd6 10. Qxd6 Qe7 11. Qxe7+ Kxe7 12. Bxd7 Nfxd7 13. Be3 Rhc8 14. O-O-O Nc4 15. Bf2 b5 16. Rd3 a6 17. Rhd1 Nc5 18. Nd5+ Ke6 19. Bxc5 Rxc5 20. b3 1-0

[Event "Albena Open 2015"]
[Site "Albena BUL"]
[Date "2015.06.17"]
[Round "1.18"]
[White "Sanal, Vahap"]
[Black "Tate, Emory"]
[Result "1-0"]
[WhiteElo "2506"]
[BlackElo "2259"]

1. e4 e6 2. d4 d5 3. Nd2 b6 4. Ngf3 Nf6 5. Bb5+ c6 6. Bd3 Ba6 7. Qe2 Bxd3 8. Qxd3 Nbd7 9. e5 Ng8 10. Nf1 c5 11. c3 c4 12. Qc2 b5 13. Ng3 Qb6 14. O-O a5 15. Ng5 h6 16. Nh3 Ne7 17. Bd2 Rc8 18. Nf4 g6 19. h4 h5 20. Nh3 Bg7 21. Rae1 b4 22. Ng5 b3 23. Qb1 bxa2 24. Qxa2 Rb8 25. Bc1 Bh6 26. Qa4 Qb5 27. Qd1 Bxg5 28. hxg5 Qb3 29. Qf3 a4 30. Re2 h4 31. Nh1 Nf5 32. Qf4 a3 33. bxa3 Qxc3 34. Rd1 Rb1 35. Ree1 Qb3 36. f3 h3 37. g4 Nh4 38. Rf1 h2+ 39. Kxh2 Nxf3+ 40. Kg2 Rh2+ 41. Kg3 Rxh1 42. Rxh1 Ne1+ 43. Kf2 Qxd1 44. Rxe1 Qc2+ 45. Kg1 Kd8 46. Rf1 Qd3 47. Kg2 c3 48. Qe3 Qc2+ 49. Kg3 Kc8 50. Qf4 Nb6 51. a4 Qd3+ 52. Rf3 Qc4 53. a5 Nd7 54. Qe3 c2 55. Kg2 Rb4 56. a6 Qxd4 57. a7 Nb6 58. Qxd4 Rxd4 59. Rb3 Kb7 60. Rxb6+ Kxa7 61. Rc6 Rxg4+ 62. Kf3 Rc4 63. Rxc4 dxc4 64. Ke4 Kb6 65. Kd4 c3 66. Kxc3 Kc5 67. Kxc2 Kd5 68. Bb2 Ke4 69. Kd2 Kf4 70. Kd3 Kxg5 71. Ke4 Kg4 72. Bc3 g5 73. Be1 Kh5 74. Ba5 Kg4 75. Bd8 Kh4 76. Kf3 Kh5 77. Kg3 Kg6 78. Bf6 1-0

[Event "Albena Open 2015"]
[Site "Albena BUL"]
[Date "2015.06.19"]
[Round "3.28"]
[White "Mu, Ke"]
[Black "Tate, Emory"]
[Result "1/2-1/2"]
[WhiteElo "2386"]
[BlackElo "2259"]

1. d4 c5 2. d5 e6 3. c4 exd5 4. cxd5 d6 5. Nc3 g6 6. Nf3 Bg7 7. h3 Ne7 8. Qa4+ Bd7 9. Qb3 Qc7 10. Bf4 b5 11. e3 a6 12. a4 bxa4 13. Nxa4 Nc8 14. Nd2 O-O 15. Nc4 Bb5 16. Nc3 Ra7 17. Nxd6 Nxd6 18. Bxd6 Bxc3+ 19. Qxc3 Qxd6 20. Bxb5 Qxd5 21. O-O Rd8 22. Bc4 Qd2 23. Qf6 Qd6 24. Qf3 Rad7 25. b3 Kg7 26. Rfc1 Qb6 27. Ra2 a5 28. e4 Nc6 29. Qc3+ f6 30. Ra4 Rd1+ 31. Rxd1 Rxd1+ 32. Kh2 Rd4 33. Ra1 Rxe4 34. Bd5 Re2 35. Bxc6 Qxc6 36. Rxa5 Qd6+ 37. Qg3 1/2-1/2

[Event "Albena Open 2015"]
[Site "Albena BUL"]
[Date "2015.06.21"]
[Round "5.36"]
[White "Uzumcu, Ahmet Utku"]
[Black "Tate, Emory"]
[Result "1-0"]
[WhiteElo "2048"]
[BlackElo "2259"]

1. e4 Nc6 2. Nc3 e6 3. d4 Bb4 4. a3 Bxc3+ 5. bxc3 e5 6. Nf3 d6 7. Bg5 f6 8. Be3 Qe7 9. Bd3 Qf7 10. Qe2 Nge7 11. O-O Na5 12. Nh4 g5 13. Nf5 Nxf5 14. exf5 Kf8 15. dxe5 dxe5 16. Qg4 b6 17. Rad1 Bb7 18. Bb5 c6 19. Be2 h5 20. Qb4+ Kg7 21. Rd6 Bc8 22. Qe4 h4 23. Bxg5 fxg5 24. Qxe5+ Kh7 25. Rh6+ Kxh6 26. Qxh8+ Qh7 27. Qf6+ Qg6 28. Qxg6# 1-0